[Event "VII OPEN AMATEUR CALVIA"]
[Site "Calvia - Mallorca (España)"]
[Date "2010.10.15"]
[Round "7"]
[Board "1"]
[White "Carrasco Sagredo, Manuel"]
[Black "Andersen, Lars Even"]
[Result "0-1"]
[WhiteElo "2157"]
[BlackElo "2237"]
[PlyCount "66"]
[EventDate "2010.10.09"]
[EventRounds "9"]
[EventCountry "ESP"]

1.d4 d5 2.Nf3 Nf6 3.e3 Bf5 4.c4 c6 5.Nc3 e6 6.Bd3 Bxd3 7.Qxd3 Nbd7 8.O-O Bd6
9.Re1 O-O 10.e4 dxe4 11.Nxe4 Nxe4 12.Rxe4 Nc5 13.Qc2 Nxe4 14.Qxe4 Qf6 15.Bd2
Rfe8 16.Re1 Qf5 17.Qh4 Rad8 18.Bc3 c5 19.dxc5 Bxc5 20.Qg3 e5 21.Rf1 Bd4 22.Bd2
Bxb2 23.Bg5 f6 24.Be3 Bd4 25.Bc1 Bc5 26.h3 Rd3 27.Qh4 Red8 28.Nh2 Rd1 29.g4 Qe4
30.Qg3 Qxc4 31.Be3 Rxf1+ 32.Nxf1 Rd1 33.Kh2 Qxf1

[Event "VII OPEN AMATEUR CALVIA"]
[Site "Calvia - Mallorca (España)"]
[Date "2010.10.15"]
[Round "7"]
[Board "1"]
[White "Holm, Kristian Stuvik"]
[Black "Galiana Salom, Juan Ramon"]
[Result "1/2-1/2"]
[WhiteElo "2151"]
[BlackElo "2204"]
[PlyCount "71"]
[EventDate "2010.10.09"]
[EventRounds "9"]
[EventCountry "ESP"]

1.d4 Nf6 2.c4 c5 3.d5 b5 4.cxb5 a6 5.bxa6 g6 6.Nc3 Bxa6 7.e4 Bxf1 8.Kxf1 d6 9.g3
Bg7 10.Nf3 Nbd7 11.h3 Ra6 12.Kg2 O-O 13.a4 Qa8 14.Re1 Rb8 15.Ra3 c4 16.Qe2 Rb4
17.Nd4 Ne5 18.Rd1 Ne8 19.Nc2 Rb8 20.Ne3 Rc8 21.f4 Nd7 22.Nxc4 Bxc3 23.Rxc3 Rxa4
24.b3 Ra2 25.Rc2 Rxc2 26.Qxc2 Nb6 27.Be3 Nxc4 28.bxc4 Qa6 29.Rc1 Nf6 30.Kf3 Nd7
31.Qb2 Nc5 32.Qa1 Qb7 33.Rb1 Qd7 34.g4 h5 35.f5 f6 36.Bd4

[Event "VII OPEN AMATEUR CALVIA"]
[Site "Calvia - Mallorca (España)"]
[Date "2010.10.15"]
[Round "7"]
[Board "1"]
[White "Lacrosse, Marc"]
[Black "Porte, Henrik"]
[Result "1-0"]
[WhiteElo "2198"]
[BlackElo "2113"]
[PlyCount "75"]
[EventDate "2010.10.09"]
[EventRounds "9"]
[EventCountry "ESP"]

1.d4 d5 2.c4 c6 3.Nf3 Nf6 4.Nc3 a6 5.cxd5 cxd5 6.Bf4 Nc6 7.Rc1 Bf5 8.e3 Rc8
9.Be2 e6 10.O-O Bd6 11.Bxd6 Qxd6 12.Na4 Nd7 13.Qb3 b5 14.Nc5 Nxc5 15.Rxc5 O-O
16.Rfc1 Na7 17.Qc3 Rxc5 18.Qxc5 Qxc5 19.Rxc5 Rc8 20.a4 Rb8 21.Rc7 Nc8 22.a5 Ra8
23.Ne5 f6 24.Nd7 Nd6 25.g4 Bg6 26.Nc5 e5 27.Rc6 Nc4 28.b4 exd4 29.exd4 Re8
30.Bf3 Re1+ 31.Kg2 Be4 32.Rxa6 Rb1 33.Ra8+ Kf7 34.a6 Ra1 35.Bxe4 dxe4 36.Nxe4
Nb6 37.Rb8 Nd5 38.Rxb5

[Event "VII OPEN AMATEUR CALVIA"]
[Site "Calvia - Mallorca (España)"]
[Date "2010.10.15"]
[Round "7"]
[Board "1"]
[White "Tscharotschkin, Michael"]
[Black "Nilsson, Viktor"]
[Result "1/2-1/2"]
[WhiteElo "2179"]
[BlackElo "2151"]
[PlyCount "94"]
[EventDate "2010.10.09"]
[EventRounds "9"]
[EventCountry "ESP"]

1.d4 Nf6 2.c4 g6 3.Nc3 d5 4.cxd5 Nxd5 5.e4 Nxc3 6.bxc3 Bg7 7.Bc4 O-O 8.Ne2 c5
9.O-O cxd4 10.cxd4 Nc6 11.Be3 Na5 12.Bd3 Be6 13.Qa4 a6 14.Rac1 b5 15.Qb4 Bxa2
16.d5 Bc4 17.Rfd1 Rc8 18.Bxc4 Rxc4 19.Rxc4 Nxc4 20.Bc5 Re8 21.f4 Qd7 22.e5 a5
23.Qb1 Rc8 24.Bf2 b4 25.Qb3 Kh8 26.h3 g5 27.Rd4 Na3 28.e6 fxe6 29.dxe6 Qb5
30.Rd3 gxf4 31.Qd1 Qb8 32.Nd4 Bf6 33.Nc6 Qc7 34.Rd8+ Rxd8 35.Nxd8 Qc2 36.Nf7+
Kg7 37.Qg4+ Qg6 38.Qxf4 Bc3 39.Nd8 Nb5 40.Bc5 Bf6 41.Nf7 Qh5 42.Be3 Nd6 43.g4
Qd5 44.g5 Bc3 45.Nxd6 Qxe6 46.Nf5+ Kg6 47.Nh4+ Kg7

[Event "VII OPEN AMATEUR CALVIA"]
[Site "Calvia - Mallorca (España)"]
[Date "2010.10.15"]
[Round "7"]
[Board "1"]
[White "Barcelo Pujadas, Pedro Jose"]
[Black "Rhein, Klaus"]
[Result "0-1"]
[WhiteElo "2269"]
[BlackElo "2146"]
[PlyCount "54"]
[EventDate "2010.10.09"]
[EventRounds "9"]
[EventCountry "ESP"]

1.d4 g6 2.c4 Bg7 3.Nc3 c5 4.d5 Bxc3+ 5.bxc3 f5 6.h4 Qa5 7.h5 Qxc3+ 8.Bd2 Qg7
9.Rc1 d6 10.Bc3 Nf6 11.h6 Qf8 12.Nf3 Nbd7 13.e3 Nb6 14.Bd3 e5 15.dxe6 Bxe6
16.Ng5 Bd7 17.Qe2 O-O-O 18.Ba1 Qe7 19.Qb2 Ng4 20.Nh3 Ne5 21.Be2 Nc6 22.Kf1 g5
23.Qa3 Kb8 24.f4 gxf4 25.exf4 Rhg8 26.Ng5 Rxg5 27.fxg5 Qxg5

[Event "VII OPEN AMATEUR CALVIA"]
[Site "Calvia - Mallorca (España)"]
[Date "2010.10.15"]
[Round "7"]
[Board "1"]
[White "Sokalsky, Alexander"]
[Black "Schuermans, Robert"]
[Result "1-0"]
[WhiteElo "2226"]
[BlackElo "2069"]
[PlyCount "75"]
[EventDate "2010.10.09"]
[EventRounds "9"]
[EventCountry "ESP"]

1.Nf3 Nc6 2.c4 e5 3.Nc3 Nf6 4.d3 d5 5.cxd5 Nxd5 6.g3 Be7 7.Bg2 Be6 8.O-O O-O
9.a3 h6 10.Bd2 Kh8 11.Rc1 f5 12.Qc2 g5 13.Nxd5 Bxd5 14.Bc3 Bf6 15.e4 Be6 16.exf5
Bxf5 17.Ne1 Qd7 18.Be4 Bxe4 19.dxe4 Rf7 20.Ng2 Nd4 21.Bxd4 exd4 22.Qd3 b6 23.b4
Be7 24.e5 c5 25.Qe4 Qe8 26.f4 Rd8 27.e6 Rg7 28.f5 Bf6 29.bxc5 bxc5 30.Rxc5 d3
31.Rd5 Rgd7 32.Ne3 d2 33.Rd1 Rxd5 34.Nxd5 Qc6 35.Nxf6 Qc1 36.Qe2 Qc5+ 37.Kg2
Qxf5 38.e7

[Event "VII OPEN AMATEUR CALVIA"]
[Site "Calvia - Mallorca (España)"]
[Date "2010.10.15"]
[Round "7"]
[Board "1"]
[White "Lind, Jan-Olof"]
[Black "Alemany Jara, Alejandro"]
[Result "1-0"]
[WhiteElo "2213"]
[BlackElo "1835"]
[PlyCount "49"]
[EventDate "2010.10.09"]
[EventRounds "9"]
[EventCountry "ESP"]

1.e4 e6 2.Nf3 d5 3.Nc3 Nf6 4.e5 Nfd7 5.d4 c5 6.dxc5 Nc6 7.Bf4 Bxc5 8.Bd3 f6
9.exf6 Qxf6 10.Bg3 h6 11.O-O O-O 12.Qe2 a6 13.Rad1 Nb6 14.Ne5 Nd4 15.Qh5 Nf5
16.Kh1 Nd7 17.Ng4 Nxg3+ 18.fxg3 Qd4 19.Qg6 Nf6 20.Nxf6+ Rxf6 21.Rxf6 Qxf6
22.Qh7+ Kf8 23.Rf1 Bf2 24.Nd1 Qd4 25.Rxf2+

[Event "VII OPEN AMATEUR CALVIA"]
[Site "Calvia - Mallorca (España)"]
[Date "2010.10.15"]
[Round "7"]
[Board "1"]
[White "Queirolo Perez, Manuel"]
[Black "Lopez Colon, Francisco"]
[Result "1-0"]
[WhiteElo "2102"]
[BlackElo "2145"]
[PlyCount "77"]
[EventDate "2010.10.09"]
[EventRounds "9"]
[EventCountry "ESP"]

1.c4 c5 2.Nf3 Nc6 3.d4 cxd4 4.Nxd4 Nf6 5.Nc3 e6 6.g3 Bb4 7.Ndb5 d5 8.cxd5 Nxd5
9.Bd2 Nxc3 10.Nxc3 O-O 11.Bg2 Qe7 12.O-O Rd8 13.Qe1 Nd4 14.Rc1 a5 15.e3 Nc6
16.a3 Bd6 17.Na4 Ne5 18.Bxa5 Nd3 19.Bxd8 Qxd8 20.Qc3 Be5 21.Qb3 Nxc1 22.Rxc1 Bd7
23.Rd1 Qc7 24.Rxd7 Qxd7 25.Nb6 Qd8 26.Nxa8 Qxa8 27.Bxb7 Qa5 28.a4 g6 29.Kg2 Qd2
30.Kf3 Qxb2 31.Qxb2 Bxb2 32.a5 Be5 33.Ke4 Bb8 34.Kd4 Bc7 35.a6 Bb6+ 36.Kc4 Kf8
37.Bf3 Ke7 38.Kb5 Ba7 39.Kc6

[Event "VII OPEN AMATEUR CALVIA"]
[Site "Calvia - Mallorca (España)"]
[Date "2010.10.16"]
[Round "8"]
[Board "1"]
[White "Spence, David J"]
[Black "Karlsson, Jorgen"]
[Result "1/2-1/2"]
[WhiteElo "2225"]
[BlackElo "2153"]
[PlyCount "75"]
[EventDate "2010.10.09"]
[EventRounds "9"]
[EventCountry "ESP"]

1.e4 g6 2.d4 Bg7 3.Nc3 a6 4.Bg5 d6 5.Nf3 Nd7 6.Bc4 h6 7.Bh4 g5 8.Bxg5 d5 9.Bxd5
hxg5 10.Bxf7+ Kf8 11.Nxg5 Nb6 12.Qf3 Bf6 13.Be6 Qxd4 14.Bxc8 Qe5 15.Ne6+ Kf7
16.Bxb7 Rb8 17.Bxa6 Qxe6 18.O-O Nh6 19.h3 Rbg8 20.Nd5 Nxd5 21.Bc4 Qe5 22.Rfe1
Ng4 23.hxg4 Rh4 24.Bxd5+ e6 25.Bxe6+ Qxe6 26.e5 Rgh8 27.g3 Rh1+ 28.Qxh1 Rxh1+
29.Kxh1 Bxe5 30.Kg1 Kf6 31.Re4 Qd5 32.Rae1 Bxb2 33.c4 Qd7 34.Rf4+ Kg6 35.Rfe4
Kf6 36.Rf4+ Kg6 37.Rfe4 Kf6 38.Rf4+

[Event "VII OPEN AMATEUR CALVIA"]
[Site "Calvia - Mallorca (España)"]
[Date "2010.10.16"]
[Round "8"]
[Board "1"]
[White "Chueca Forcen, Alberto"]
[Black "Planas Gene, Juan"]
[Result "1-0"]
[WhiteElo "2280"]
[BlackElo "2163"]
[PlyCount "77"]
[EventDate "2010.10.09"]
[EventRounds "9"]
[EventCountry "ESP"]

1.d4 d5 2.c4 c6 3.Nf3 Nf6 4.Nc3 e6 5.Bg5 h6 6.Bxf6 Qxf6 7.e3 Nd7 8.Bd3 dxc4
9.Bxc4 g6 10.O-O Bg7 11.Rc1 O-O 12.e4 Qe7 13.Qe2 b5 14.Bb3 a6 15.e5 c5 16.d5 c4
17.Bc2 Bb7 18.Be4 Nc5 19.d6 Qd7 20.Qe3 Bxe4 21.Nxe4 Nd3 22.Nf6+ Bxf6 23.exf6 Qd8
24.Ne5 Qxf6 25.Nxd3 cxd3 26.b3 Rfd8 27.Qxd3 Qe5 28.Rfd1 Rd7 29.b4 Qf4 30.a3 Qf6
31.h3 Qd8 32.Rc6 Rb8 33.Qc3 Rdb7 34.Rxa6 Rb6 35.Rxb6 Rxb6 36.d7 Rb8 37.Qc6 Kg7
38.Rc1 Kh7 39.Qc8

[Event "VII OPEN AMATEUR CALVIA"]
[Site "Calvia - Mallorca (España)"]
[Date "2010.10.16"]
[Round "8"]
[Board "1"]
[White "Andersen, Lars Even"]
[Black "Renteria, Jorge"]
[Result "1-0"]
[WhiteElo "2237"]
[BlackElo "2266"]
[PlyCount "129"]
[EventDate "2010.10.09"]
[EventRounds "9"]
[EventCountry "ESP"]

1.e4 c5 2.Nf3 d6 3.d4 cxd4 4.Nxd4 Nf6 5.Nc3 a6 6.Bg5 Nc6 7.Qd2 e6 8.O-O-O h6
9.Bf4 Bd7 10.Nb3 e5 11.Bg3 Be6 12.Be2 b5 13.Bf3 Be7 14.Kb1 Na5 15.Nxa5 Qxa5
16.Nd5 Qxd2 17.Nxf6+ gxf6 18.Rxd2 Rc8 19.Bh4 f5 20.Bxe7 Kxe7 21.exf5 Bxf5 22.Bb7
Rb8 23.Bd5 Rhc8 24.f4 f6 25.Rf1 Be6 26.fxe5 dxe5 27.Bxe6 Kxe6 28.Rdf2 Rf8 29.g4
Rbd8 30.Rf5 Rf7 31.Kc1 Rg8 32.h3 Rg5 33.Kd2 Rxf5 34.Rxf5 Rd7+ 35.Ke2 Kf7 36.Rf3
Kg6 37.c3 Rd6 38.Rf5 a5 39.b3 Ra6 40.Kd3 a4 41.c4 axb3 42.axb3 bxc4+ 43.Kxc4
Rc6+ 44.Kd3 Kf7 45.Rh5 Ke6 46.Rxh6 Kd5 47.g5 Rb6 48.Kc3 Rc6+ 49.Kd2 Rb6 50.Kc3
Rc6+ 51.Kd2 Rb6 52.Rxf6 Rxb3 53.h4 Rh3 54.Rh6 Ke4 55.h5 Rh2+ 56.Ke1 Rg2 57.g6
Kf3 58.Rh8 Rg5 59.Rf8+ Ke3 60.Kf1 e4 61.h6 Kd2 62.Rd8+ Ke3 63.g7 Rf5+ 64.Ke1 Rh5
65.Kd1

[Event "VII OPEN AMATEUR CALVIA"]
[Site "Calvia - Mallorca (España)"]
[Date "2010.10.16"]
[Round "8"]
[Board "1"]
[White "Massanet Massanet, Sebastian"]
[Black "Lacrosse, Marc"]
[Result "1/2-1/2"]
[WhiteElo "2260"]
[BlackElo "2198"]
[PlyCount "71"]
[EventDate "2010.10.09"]
[EventRounds "9"]
[EventCountry "ESP"]

1.e4 e5 2.Nf3 Nc6 3.d4 exd4 4.Nxd4 Bc5 5.Be3 Qf6 6.c3 Nge7 7.Bc4 Ne5 8.Be2 Qg6
9.O-O d6 10.Kh1 Qxe4 11.Nd2 Qg6 12.Nb5 O-O 13.Nxc7 Rb8 14.Nc4 Nxc4 15.Bxc4 Bf5
16.Bf4 Rbc8 17.Nb5 d5 18.Be2 a6 19.Nd4 Bd7 20.Be3 Rfe8 21.Bf3 Bxd4 22.Bxd4 Bf5
23.Qb3 Qc6 24.Rfe1 Be4 25.Bg4 Rcd8 26.Rad1 Bf5 27.Bf3 Be4 28.Bb6 Bxf3 29.Bxd8
Bxd1 30.Qxd1 Rxd8 31.Rxe7 Re8 32.Qe2 Rxe7 33.Qxe7 h6 34.h3 Qb5 35.Qd8+ Kh7 36.b3

[Event "VII OPEN AMATEUR CALVIA"]
[Site "Calvia - Mallorca (España)"]
[Date "2010.10.16"]
[Round "8"]
[Board "1"]
[White "Walton, Alan J"]
[Black "Voiteanu, Gabriel"]
[Result "0-1"]
[WhiteElo "2152"]
[BlackElo "2236"]
[PlyCount "108"]
[EventDate "2010.10.09"]
[EventRounds "9"]
[EventCountry "ESP"]

1.d4 d5 2.c4 Nf6 3.Nc3 g6 4.Nf3 Bg7 5.e3 O-O 6.b3 c5 7.Bb2 cxd4 8.exd4 Nc6 9.Be2
dxc4 10.bxc4 Bg4 11.d5 Bxf3 12.Bxf3 Na5 13.Be2 Rc8 14.Qa4 Nxd5 15.Nxd5 Bxb2
16.Rd1 e6 17.Ne7+ Qxe7 18.Qxa5 Rc5 19.Qd2 Qf6 20.O-O b6 21.Qd7 Ra5 22.a4 Qe5
23.Bf3 Qc5 24.Rb1 Bd4 25.Be2 Qe5 26.Bf3 Qf4 27.Rbc1 Be5 28.Rfd1 Qxh2+ 29.Kf1 Bf4
30.Rb1 Bg5 31.g3 Rf5 32.Qd3 Rd8 33.Qb3 Rxd1+ 34.Rxd1 Be7 35.Qc3 e5 36.Bg2 Bc5
37.Rd2 Bd4 38.Qd3 Qh6 39.Qc2 Qg5 40.Ke1 Qf6 41.Bd5 Qd6 42.Qe4 Qb4 43.Kd1 Qxa4+
44.Kc1 Qa1+ 45.Kc2 Qc3+ 46.Kd1 Rxf2 47.Rxf2 Bxf2 48.Bxf7+ Kxf7 49.Qd5+ Kg7
50.Qd7+ Kh6 51.Qh3+ Kg5 52.Qh4+ Kf5 53.Qh3+ Kf6 54.Qh4+ Ke6

[Event "VII OPEN AMATEUR CALVIA"]
[Site "Calvia - Mallorca (España)"]
[Date "2010.10.16"]
[Round "8"]
[Board "1"]
[White "Nilsson, Viktor"]
[Black "Sokalsky, Alexander"]
[Result "1-0"]
[WhiteElo "2151"]
[BlackElo "2226"]
[PlyCount "83"]
[EventDate "2010.10.09"]
[EventRounds "9"]
[EventCountry "ESP"]

1.d4 Nf6 2.Nf3 e6 3.g3 d5 4.c4 Be7 5.Bg2 O-O 6.O-O dxc4 7.Ne5 Nc6 8.Bxc6 bxc6
9.Nxc6 Qe8 10.Nxe7+ Qxe7 11.Qa4 e5 12.dxe5 Qxe5 13.Nc3 Be6 14.Bf4 Qh5 15.f3 Qc5+
16.Kg2 Rab8 17.Rab1 a5 18.Qc2 h6 19.e4 Rfe8 20.Qf2 Qxf2+ 21.Rxf2 Rb7 22.Rd1 Rc8
23.Rd4 g5 24.Bc1 Ne8 25.Nd5 Kg7 26.Rc2 Nf6 27.Ne3 c5 28.Rd6 g4 29.Ra6 gxf3+
30.Kxf3 Rb5 31.a4 Rb3 32.Rxa5 Ng4 33.Kf4 h5 34.Nd5 Re8 35.Rxc5 Nf6 36.Nxf6 Kxf6
37.Rxh5 Ra8 38.a5 Rg8 39.Rc3 Rg4+ 40.Kf3 Rb4 41.Rh6+ Ke7 42.Rxe6+

[Event "VII OPEN AMATEUR CALVIA"]
[Site "Calvia - Mallorca (España)"]
[Date "2010.10.16"]
[Round "8"]
[Board "1"]
[White "Gaya Llodra, Juan"]
[Black "Tscharotschkin, Michael"]
[Result "0-1"]
[WhiteElo "2216"]
[BlackElo "2179"]
[PlyCount "66"]
[EventDate "2010.10.09"]
[EventRounds "9"]
[EventCountry "ESP"]

1.d4 e6 2.g3 Nf6 3.Bg2 d5 4.Nf3 c5 5.O-O cxd4 6.Nxd4 e5 7.Nf3 Nc6 8.c4 d4 9.e3
Be7 10.exd4 exd4 11.b4 Bxb4 12.Nxd4 Nxd4 13.Qa4+ Bd7 14.Qxb4 Nc2 15.Qc3 Nxa1
16.Ba3 Qc7 17.Re1+ Be6 18.Nd2 O-O-O 19.Rxa1 Bd5 20.Bh3+ Kb8 21.Bb4 Bc6 22.Ba5 b6
23.Rb1 Ka8 24.Bb4 Bb7 25.Nf3 Qc6 26.Bg2 Rhe8 27.Nh4 Ne4 28.Qxg7 Qxc4 29.Be1 Qxa2
30.Ra1 Qb3 31.Bf3 Rd3 32.Kg2 Rxf3 33.Nxf3 Nd2

[Event "VII OPEN AMATEUR CALVIA"]
[Site "Calvia - Mallorca (España)"]
[Date "2010.10.16"]
[Round "8"]
[Board "1"]
[White "Rhein, Klaus"]
[Black "Lind, Jan-Olof"]
[Result "0-1"]
[WhiteElo "2146"]
[BlackElo "2213"]
[PlyCount "98"]
[EventDate "2010.10.09"]
[EventRounds "9"]
[EventCountry "ESP"]

1.e4 c5 2.Nc3 e6 3.f4 d5 4.Nf3 Nf6 5.e5 Nfd7 6.g3 Nc6 7.Bg2 Be7 8.O-O O-O 9.d3
Rb8 10.Qe1 b5 11.Ne2 d4 12.Nd2 Nb4 13.Qd1 Qb6 14.Kh1 c4 15.Ne4 cxd3 16.cxd3 Nc5
17.Nxc5 Qxc5 18.a3 Nc6 19.b4 Qb6 20.Bb2 Rd8 21.Rc1 Bb7 22.Qe1 a5 23.bxa5 Nxa5
24.Nxd4 Bxg2+ 25.Kxg2 Bc5 26.Rxc5 Qxc5 27.Qxa5 Rxd4 28.Bxd4 Qxd4 29.Qc7 Qd5+
30.Kh3 Rf8 31.Qc3 h6 32.d4 Rd8 33.Rd1 g6 34.Qd3 Rc8 35.Rb1 Rc4 36.Rb4 Kg7
37.Rxc4 bxc4 38.Qc3 Qb5 39.Kg2 Qb3 40.Qa5 Qc2+ 41.Kf3 c3 42.Qd8 Qd3+ 43.Kg2 Qe4+
44.Kh3 Qf5+ 45.Kg2 c2 46.Qc7 Qe4+ 47.Kh3 Qe2 48.d5 Qf1+ 49.Kh4 c1=Q

[Event "VII OPEN AMATEUR CALVIA"]
[Site "Calvia - Mallorca (España)"]
[Date "2010.10.16"]
[Round "8"]
[Board "1"]
[White "Galiana Salom, Juan Ramon"]
[Black "Draghici Flutur, Gavril"]
[Result "1-0"]
[WhiteElo "2204"]
[BlackElo "2152"]
[PlyCount "81"]
[EventDate "2010.10.09"]
[EventRounds "9"]
[EventCountry "ESP"]

1.e4 c5 2.Nf3 d6 3.d4 cxd4 4.Nxd4 Nf6 5.Nc3 Nc6 6.Nb3 a6 7.f4 g6 8.Be2 Bg7 9.Be3
O-O 10.O-O b5 11.Bf3 Bb7 12.Qd2 Qc7 13.Nd5 Nxd5 14.exd5 Nb8 15.c3 Nd7 16.Qf2
Rac8 17.Rad1 Nc5 18.Nd4 e5 19.fxe5 dxe5 20.Nc6 e4 21.Bxc5 exf3 22.Bxf8 Bxf8
23.Qxf3 Bd6 24.h3 Qd7 25.Kh1 h5 26.Rd3 Ba8 27.Qf6 Bb7 28.Nd4 Bxd5 29.Nf5 Bf8
30.Qd4 Rd8 31.Ne3 Qxh3+ 32.Kg1 Bxg2 33.Qxd8 Be4 34.Qc7 Qh1+ 35.Kf2 Qh4+ 36.Ke2
Bxd3+ 37.Kxd3 Be7 38.Qf4 f5 39.Qxh4 Bxh4 40.Nxf5 gxf5 41.Rxf5

[Event "VII OPEN AMATEUR CALVIA"]
[Site "Calvia - Mallorca (España)"]
[Date "2010.10.16"]
[Round "8"]
[Board "1"]
[White "Lommers, Frank"]
[Black "Queirolo Perez, Manuel"]
[Result "1-0"]
[WhiteElo "2191"]
[BlackElo "2102"]
[PlyCount "69"]
[EventDate "2010.10.09"]
[EventRounds "9"]
[EventCountry "ESP"]

1.c4 c6 2.g3 d5 3.Bg2 Nf6 4.Nf3 e6 5.Qc2 Be7 6.O-O O-O 7.d3 Nbd7 8.e4 dxe4
9.dxe4 Qc7 10.b3 Re8 11.Bb2 e5 12.Nbd2 a5 13.Nh4 Bf8 14.Kh1 a4 15.f4 Ng4 16.Qd3
Bc5 17.Qf3 Ne3 18.Rfc1 exf4 19.gxf4 Nf8 20.b4 Ba7 21.c5 Ng4 22.Nc4 Rxe4 23.Nd6
Re3 24.Qf1 Nh6 25.Qg1 Re2 26.Bc3 Ng4 27.Qf1 Rf2 28.Qd3 Rxf4 29.Qg3 Ne6 30.Rf1
Rxf1+ 31.Rxf1 Ng5 32.h3 b6 33.hxg4 bxc5 34.Qe5 Ne6 35.Rxf7

[Event "VII OPEN AMATEUR CALVIA"]
[Site "Calvia - Mallorca (España)"]
[Date "2010.10.16"]
[Round "8"]
[Board "1"]
[White "Porte, Henrik"]
[Black "Holm, Kristian Stuvik"]
[Result "0-1"]
[WhiteElo "2113"]
[BlackElo "2151"]
[PlyCount "80"]
[EventDate "2010.10.09"]
[EventRounds "9"]
[EventCountry "ESP"]

1.d4 d5 2.c4 e6 3.Nc3 c5 4.cxd5 cxd4 5.Qa4+ Bd7 6.Qxd4 exd5 7.Qxd5 Nc6 8.Nf3 Nf6
9.Qd1 Bc5 10.e3 Qe7 11.Be2 g5 12.O-O O-O-O 13.b4 g4 14.Nd4 Bxb4 15.Qb3 Bc5
16.Nxc6 Bxc6 17.Bb5 Bxb5 18.Nxb5 Rhe8 19.Rb1 Ne4 20.Nd4 Qd7 21.Ba3 Bxd4 22.exd4
Kb8 23.Bc1 Rc8 24.Be3 Nc3 25.Rb2 Qd5 26.Qa3 f5 27.Rc1 Nb5 28.Rxc8+ Rxc8 29.Qd3
Nxd4 30.Qb1 b6 31.Rd2 Qe4 32.Qd1 Ne6 33.Rd7 Rc7 34.Rd6 Kb7 35.g3 Re7 36.Qb3 Nc7
37.Rd4 Qc6 38.Rc4 Qf3 39.Rf4 Qe2 40.Rxf5 Rd7